| 000 | 00656nam a2200205 ar4500 | ||
|---|---|---|---|
| 001 | 1090 | ||
| 005 | 20221127090133.0 | ||
| 008 | 081222s xxu a 00110|eng d | ||
| 020 |
_a0072263415 : _cSR123.00 |
||
| 082 | 0 | 4 |
_a005.5 _bM344 2007 _222 |
| 100 | 1 | _aMarmel, Elaine. | |
| 245 | 1 | 0 |
_aHow to do everything wih Microsoft Office Project 2007 / _cElaine Marmel. |
| 246 | 1 | _aMicrosoft Office Project 2007. | |
| 260 |
_aNew York : _bMcGraw-Hill, _c2007. |
||
| 300 |
_axiv, 394 p. : _bill. ; _c23 cm. |
||
| 500 | _aIncludes index. | ||
| 650 | 4 | _aMicrosoft Office. | |
| 650 | 4 |
_aProject management _xComputer programs. |
|
| 650 | 4 |
_aBusiness _xComputer programs. |
|
| 999 |
_c1089 _d1089 |
||